000 01006nam a2200265Ia 4500
003 OSt
005 20220923211236.0
006 a|||||r|||| 00| 0
007 ta
008 220922b |||||||| |||| 00| 0 hin d
020 _a9788171788651 (hbk)
_c500
024 _a244,741
037 _b412, 28/01/2011, Eastern Book Linkers
_cTextual
040 _aARTS
_cARTS
_bhin
041 _2hin
_ahin
082 _aO152,1:g, K4;P9
100 _aमुक्तिबोध, गजानन माधव
245 0 _aनयी कविता का आत्म संघर्ष
246 _aNayī kavitā kā ātma sangharṣha
260 _aनयी दिल्ली
_b राजकमल प्रकाशन
_c2009
300 _a192पृ.
_ccm.
650 _aहिन्दी साहित्य
_9156264
942 _hO152,1:g, K4;P9
_cTEXL
_2CC
999 _c297509
_d297509